000 01015nam a2200289 i 4500
001 000017214
003 DO-SdBNP
005 20240408175713.0
007 ta
008 100319s2009 dr 001 0 spa d
020 _a9789993442998
040 _aDO-SdBNP
_bspa
_cBNPHU
_erda
082 4 _a972.93697
_bT693a
_222
100 1 _aTorres Petitón, Francisco
_937859
_eautor
245 1 0 _aApuntes sobre La Vega desde la óptica de un historiador vegano /
_cFrancisco Torres Petitón.
264 _aSanto Domingo ;
_bFERILIBRO,
_c2009.
300 _a180 páginas ;
_c23 cm.
336 _2rdacontent
_atexto
_btxt
337 _2rdameda
_asin medición
_bn
338 _2rdacarrier
_avolumen
_bnc
590 _aInventariado, 2024/BT
651 0 _a Concepción de la Vega (Republica Dominicana )
_92180
651 4 _aLa Vega (República Dominicana)
_xVida social y costumbres
_98244
651 4 _aCiudades y pueblos
_zRepública Dominicana
_933769
910 _aValidado. Control de calidad. MMOLINA
942 _2ddc
_cLBS1
999 _c16739
_d16739